00339nam a2200133Ia 4500008004100000041000800041082001800049100001800067245005000085260001700135300000800152365001600160700002900176230718s9999 xx 000 0 und d aeng a658.4'73bBEV aBevelacqua A. aTerrorism Handbook For Operational Responders c2002bDelmar a110 cRs.b421.60 aBevelacqua A. & Stilp R.